[Event "Ulm/Neu Ulm-ch"]
[Site "Ulm/Neu Ulm"]
[Date "2017.12.01"]
[Round "6"]
[White "Jahn, Manfred"]
[Black "Stueckle, Werner"]
[Result "0-1"]
[WhiteElo "1609"]
[BlackElo "1640"]
[PlyCount "32"]
[EventDate "2017.09.22"]
[EventType "swiss"]
[EventRounds "7"]
[EventCountry "GER"]
[SourceTitle "EXT 2019"]
[Source "ChessBase"]
[SourceDate "2018.10.10"]
[SourceVersion "1"]
[SourceVersionDate "2018.10.10"]
[SourceQuality "1"]

1. f4 Nf6 2. Nf3 e6 3. e3 b6 4. Be2 Bb7 5. 0-0 Nc6 6. c4 h6 7. Nc3 g5 8. Ne5 gxf4 9. Nxc6 Bxc6 10. exf4 Qe7 11. d4 h5 12. Bf3 0-0-0 13. Be3 Ng4 14. Bd2 Bg7 15. Be1 Ne3 16. Qe2 Nxf1 0-1

[Event "Ulm/Neu Ulm-ch"]
[Site "Ulm/Neu Ulm"]
[Date "2008.12.12"]
[Round "7"]
[White "Lepschi, Albert"]
[Black "Jahn, Manfred"]
[Result "1-0"]
[WhiteElo "1674"]
[BlackElo "1617"]
[PlyCount "101"]
[EventDate "2008.09.19"]
[EventType "swiss"]
[EventRounds "7"]
[EventCountry "GER"]
[SourceTitle "EXT 2011"]
[Source "ChessBase"]
[SourceDate "2010.11.26"]
[SourceVersion "1"]
[SourceVersionDate "2010.11.26"]
[SourceQuality "1"]

1. d4 d5 2. c4 c6 3. Nf3 Nf6 4. Nc3 e6 5. Bg5 Nbd7 6. cxd5 cxd5 7. Rc1 Bb4 8. a3 Bxc3+ 9. Rxc3 Qa5 10. Bd2 Qb6 11. Rb3 Qc7 12. Rc3 Qb6 13. Qc2 0-0 14. Rb3 Qd8 15. e3 b6 16. Bb4 Re8 17. Bd6 Bb7 18. Bd3 Rc8 19. Rc3 Rxc3 20. Qxc3 Qc8 21. Qxc8 Rxc8 22. Ke2 Ne4 23. Bf4 f6 24. h3 Kf7 25. Nd2 Nxd2 26. Kxd2 e5 27. dxe5 Nxe5 28. Bf5 Nc4+ 29. Kc3 Rc5 30. b4 d4+ 31. Kxd4 Rxf5 32. Kxc4 Bxg2 33. Rd1 b5+ 34. Kc3 Ke7 35. Rg1 g5 36. Rxg2 gxf4 37. Rg7+ Kd6 38. Rxh7 fxe3 39. fxe3 Rf3 40. Kd4 a6 41. h4 Rf1 42. Ra7 Rh1 43. Rxa6+ Ke7 44. Ra7+ Kd6 45. Ra6+ Ke7 46. Kd5 Rxh4 47. Ra7+ Kd8 48. Rf7 Rh3 49. Kd6 Ke8 50. Rxf6 Rxe3 51. Re6+ 1-0

[Event "Ulm/Neu Ulm-ch"]
[Site "Ulm/Neu Ulm"]
[Date "2008.10.17"]
[Round "3"]
[White "Locher, Klaus"]
[Black "Jahn, Manfred"]
[Result "0-1"]
[WhiteElo "1787"]
[BlackElo "1617"]
[PlyCount "54"]
[EventDate "2008.09.19"]
[EventType "swiss"]
[EventRounds "7"]
[EventCountry "GER"]
[SourceTitle "EXT 2011"]
[Source "ChessBase"]
[SourceDate "2010.11.26"]
[SourceVersion "1"]
[SourceVersionDate "2010.11.26"]
[SourceQuality "1"]

1. c4 Nf6 2. Nc3 c5 3. e4 Nc6 4. g3 e6 5. Bg2 d5 6. exd5 exd5 7. cxd5 Nb4 8. d4 Bf5 9. Be3 Nc2+ 10. Kf1 cxd4 11. Bxd4 Nxa1 12. Qxa1 Bd3+ 13. Nge2 Bc4 14. Qd1 a6 15. Be3 Bd6 16. Bf3 0-0 17. Kg2 Bxe2 18. Nxe2 Rc8 19. Nd4 Be5 20. Nf5 Qd7 21. g4 Bxb2 22. d6 Rc4 23. Be2 Ra4 24. g5 Ne4 25. Bf3 Re8 26. Bg4 Nc3 27. Qc2 Rxg4+ 0-1

[Event "Ulm/Neu Ulm-ch"]
[Site "Ulm/Neu Ulm"]
[Date "2008.09.19"]
[Round "1"]
[White "Gallwitz, Helge"]
[Black "Jahn, Manfred"]
[Result "1-0"]
[WhiteElo "2051"]
[BlackElo "1617"]
[PlyCount "47"]
[EventDate "2008.09.19"]
[EventType "swiss"]
[EventRounds "7"]
[EventCountry "GER"]
[SourceTitle "EXT 2011"]
[Source "ChessBase"]
[SourceDate "2010.11.26"]
[SourceVersion "1"]
[SourceVersionDate "2010.11.26"]
[SourceQuality "1"]

1. e4 Nf6 2. e5 Nd5 3. d4 d6 4. c4 Nb6 5. exd6 cxd6 6. Bd3 g6 7. Nf3 Bg7 8. h3 0-0 9. 0-0 Nc6 10. Be3 Re8 11. Nc3 e5 12. d5 Ne7 13. b4 Bf5 14. Be2 Rc8 15. Qb3 Qd7 16. Rfd1 e4 17. Nd4 h5 18. Rac1 Bxh3 19. Nxe4 Nexd5 20. Nxd6 Nxe3 21. Nxc8 Bxd4 22. Nxb6 axb6 23. Rd3 Nxg2 24. Bf1 1-0

[Event "Ulm/Neu Ulm-ch"]
[Site "Ulm/Neu Ulm"]
[Date "2007.12.14"]
[Round "7"]
[White "Oberst, Thomas"]
[Black "Jahn, Manfred"]
[Result "1-0"]
[WhiteElo "2263"]
[BlackElo "1682"]
[PlyCount "97"]
[EventDate "2007.09.21"]
[EventType "swiss"]
[EventRounds "7"]
[EventCountry "GER"]
[SourceTitle "EXT 2011"]
[Source "ChessBase"]
[SourceDate "2010.11.26"]
[SourceVersion "1"]
[SourceVersionDate "2010.11.26"]
[SourceQuality "1"]

1. e4 Nf6 2. d3 d5 3. e5 Nfd7 4. d4 c5 5. c3 Nc6 6. Nf3 e6 7. Be2 Be7 8. 0-0 0-0 9. Re1 f6 10. exf6 Bxf6 11. Be3 Qb6 12. Qd2 a5 13. Na3 c4 14. b3 cxb3 15. axb3 a4 16. b4 Na7 17. Bd3 Re8 18. Qc2 Nf8 19. Qxa4 Bd7 20. Qb3 Qd6 21. b5 Nc8 22. c4 Ne7 23. c5 Qb8 24. Nc2 Neg6 25. Rxa8 Qxa8 26. g3 Qb8 27. h4 Ne7 28. Bf4 Qc8 29. Be5 Nfg6 30. h5 Nxe5 31. dxe5 Qxc5 32. exf6 gxf6 33. Qb2 Rf8 34. Ne3 Qd6 35. Qb1 Rf7 36. Ng4 Kh8 37. Qb2 d4 38. Qxd4 Qxd4 39. Nxd4 e5 40. Nh6 Rg7 41. Ndf5 Nxf5 42. Nxf5 Rg5 43. Nd6 Rxh5 44. Nxb7 Be6 45. Nc5 Bd5 46. Be4 Bc4 47. b6 Rg5 48. b7 Rg8 49. Nd7 1-0

[Event "Ulm/Neu Ulm-ch"]
[Site "Ulm/Neu Ulm"]
[Date "2007.10.19"]
[Round "3"]
[White "May, Peter"]
[Black "Jahn, Manfred"]
[Result "0-1"]
[WhiteElo "1432"]
[BlackElo "1682"]
[PlyCount "48"]
[EventDate "2007.09.21"]
[EventType "swiss"]
[EventRounds "7"]
[EventCountry "GER"]
[SourceTitle "EXT 2011"]
[Source "ChessBase"]
[SourceDate "2010.11.26"]
[SourceVersion "1"]
[SourceVersionDate "2010.11.26"]
[SourceQuality "1"]

1. d4 d5 2. Nf3 c6 3. c4 dxc4 4. a4 b5 5. axb5 cxb5 6. e3 a6 7. Nc3 Bb7 8. b3 b4 9. Na2 cxb3 10. Nxb4 e6 11. Qxb3 Qb6 12. Qa4+ Nc6 13. Nxa6 Bxa6 14. Bxa6 Bb4+ 15. Ke2 Nge7 16. Bb2 0-0 17. Qb5 Qc7 18. Bb7 Rab8 19. Qg5 Rxb7 20. d5 f6 21. Qg4 exd5 22. Qe6+ Rf7 23. Rhc1 Bd6 24. Nd4 Rxb2+ 0-1

[Event "Ulm/Neu Ulm-ch"]
[Site "Ulm/Neu Ulm"]
[Date "2007.10.05"]
[Round "2"]
[White "Gebhardt, Uwe"]
[Black "Jahn, Manfred"]
[Result "1-0"]
[WhiteElo "1995"]
[BlackElo "1682"]
[PlyCount "77"]
[EventDate "2007.09.21"]
[EventType "swiss"]
[EventRounds "7"]
[EventCountry "GER"]
[SourceTitle "EXT 2011"]
[Source "ChessBase"]
[SourceDate "2010.11.26"]
[SourceVersion "1"]
[SourceVersionDate "2010.11.26"]
[SourceQuality "1"]

1. d4 d5 2. c4 c6 3. Nc3 dxc4 4. a4 e5 5. e3 exd4 6. exd4 Be6 7. Nf3 Bd6 8. Bg5 Qa5 9. Be2 Bd5 10. Qc1 h6 11. Qe3+ Ne7 12. Bh4 b5 13. 0-0 b4 14. Ne4 Bxe4 15. Qxe4 Qd5 16. Qc2 0-0 17. Bxc4 Qf5 18. Bd3 Qc8 19. Rfe1 Nd5 20. Rac1 a5 21. Ne5 Bxe5 22. dxe5 Qg4 23. Bg3 Ne7 24. h3 Qd4 25. Re4 Qb6 26. Rg4 Nd7 27. Bf4 f5 28. Rg3 c5 29. e6 Nf6 30. Bxh6 Nh5 31. Rg5 Kh7 32. Rxh5 gxh6 33. Bxf5+ Kg7 34. Qe4 Rxf5 35. Rxf5 Nxf5 36. Qxf5 Rf8 37. Qe5+ Kh7 38. Rxc5 Qd8 39. Rc7+ 1-0

[Event "Ulm/Neu Ulm-ch"]
[Site "Ulm/Neu Ulm"]
[Date "2005.??.??"]
[Round "?"]
[White "Jahn, Manfred"]
[Black "Schroettner, Erwin"]
[Result "1-0"]
[WhiteElo "1709"]
[BlackElo "1414"]
[PlyCount "92"]
[EventDate "2005.11.26"]
[EventType "swiss"]
[EventRounds "7"]
[EventCountry "GER"]
[SourceTitle "EXT 2011"]
[Source "ChessBase"]
[SourceDate "2010.11.26"]
[SourceVersion "1"]
[SourceVersionDate "2010.11.26"]
[SourceQuality "1"]

1. d4 Nf6 2. c4 d5 3. Nc3 e6 4. Nf3 c6 5. e3 Bb4 6. Bd2 Bxc3 7. Bxc3 Ne4 8. Qc2 Nd7 9. cxd5 exd5 10. Bd3 Ndf6 11. Ne5 a5 12. a4 Qc7 13. 0-0 Be6 14. Rfe1 Rc8 15. Rac1 0-0 16. f3 Nxc3 17. bxc3 c5 18. Bf5 cxd4 19. Bxe6 fxe6 20. exd4 Qb6 21. Kh1 Rc7 22. Re3 Rfc8 23. Rd3 Qd6 24. Qb3 b6 25. Rb1 Rb8 26. Re3 Re7 27. Rbe1 g6 28. Qb5 Rbe8 29. Rb1 Rb7 30. Nc6 Rc8 31. Nxa5 Rbb8 32. Nb3 Rc6 33. Rbe1 Re8 34. Nd2 Kg7 35. c4 dxc4 36. Nxc4 Qd5 37. Na3 Qxb5 38. Nxb5 Nd5 39. Ra3 Rec8 40. h3 Rc1 41. Ra1 R1c2 42. Rxe6 Nf4 43. Rxb6 Rxg2 44. Rb7+ Kh6 45. Rc7 Re8 46. Nc3 Re3 1-0